[Event "Hessen-chC"]
[Site "Frankfurt"]
[Date "2018.05.12"]
[Round "6"]
[White "Kasiman, Alexander"]
[Black "Menz, Sebastian"]
[Result "1/2-1/2"]
[WhiteElo "1139"]
[BlackElo "1265"]
[PlyCount "21"]
[EventDate "2018.05.10"]
[EventType "swiss"]
[EventRounds "7"]
[EventCountry "GER"]
[SourceTitle "EXT 2019"]
[Source "ChessBase"]
[SourceDate "2018.10.10"]
[SourceVersion "1"]
[SourceVersionDate "2018.10.10"]
[SourceQuality "1"]

1. e4 e5 2. Nf3 d6 3. d4 exd4 4. Nxd4 Nf6 5. Bg5 Be7 6. Nc3 Bd7 7. Bd3 Nc6 8. Be3 0-0 9. Qd2 Ne5 10. 0-0-0 c5 11. Nf5 1/2-1/2

[Event "Hessen-chC"]
[Site "Frankfurt"]
[Date "2018.05.10"]
[Round "1"]
[White "Menz, Sebastian"]
[Black "Graef, Britta"]
[Result "1-0"]
[WhiteElo "1265"]
[BlackElo "856"]
[PlyCount "91"]
[EventDate "2018.05.10"]
[EventType "swiss"]
[EventRounds "7"]
[EventCountry "GER"]
[SourceTitle "EXT 2019"]
[Source "ChessBase"]
[SourceDate "2018.10.10"]
[SourceVersion "1"]
[SourceVersionDate "2018.10.10"]
[SourceQuality "1"]

1. d4 d6 2. c4 g6 3. e3 Nf6 4. Nc3 c6 5. Nf3 Bg7 6. Bd3 Qa5 7. 0-0 0-0 8. Bd2 Qc7 9. Rc1 Nbd7 10. b4 e5 11. Bb1 Re8 12. Re1 Ng4 13. h3 Ngf6 14. b5 c5 15. d5 Nb6 16. Ne4 Bf5 17. Nxf6+ Bxf6 18. Bxf5 gxf5 19. Ba5 Qe7 20. Nd2 Kh8 21. Qc2 e4 22. Bc3 Nd7 23. Bxf6+ Nxf6 24. Qc3 Rg8 25. Nf1 Rg6 26. Ng3 Rg5 27. h4 Rg4 28. Nxf5 Qd8 29. Nh6 Kg7 30. Nxg4 Kg6 31. Nxf6 Qxf6 32. Qxf6+ Kxf6 33. Rf1 Rg8 34. Kh2 Kg6 35. f3 Kh5 36. fxe4 Kxh4 37. Rf4+ Kh5 38. Rxf7 Kh6 39. Rf6+ Kg5 40. Rxd6 Rf8 41. Kg1 Re8 42. Re6 Rf8 43. Rf1 Rg8 44. d6 h5 45. d7 Kg4 46. Re8 1-0